Movies By 1 Actor and 1 Actress - Cate Blanchett Edition - Statistics

General Stats
  • This quiz has been taken 35 times
  • The average score is 9 of 26
Answer Stats
Cast Movie % Correct
Elijah Wood, Liv Tyler The Lord of the Rings: Fellowship of the Ring
73%
Leonardo DiCaprio, Kate Beckinsale The Aviator
64%
Brad Pitt, Tilda Swinton The Curious Case of Benjamin Button
64%
Sandra Bullock, James Corden Ocean's Eight
61%
Bradley Cooper, Toni Collette Nightmare Alley
55%
Brad Pitt, Adrianna Barazza Babel
45%
Saoirse Ronan, Eric Bana Hanna
39%
Matt Damon, Gwyneth Paltrow The Talented Mr. Ripley
39%
Judi Dench, Bill Nighy Notes on A Scandal
36%
Jack Black, Lorenza Izzo The House with a Clock in It's Walls
33%
Russell Crowe, Lea Seydoux Robin Hood
30%
Hilary Swank, Keanu Reeves The Gift
30%
Jay Baruchel, America Ferrera How to Train Your Dragon 2
27%
John Cusack, Angelina Jolie Pushing Tin
27%
Bill Murray, Anjelica Huston The Life Aquatic with Steve Zissou
27%
Simon Pegg, Paddy Considine Hot Fuzz
24%
Christian Bale, Charlotte Gainsbourg I'm Not There
24%
Ewan McGregor, Tilda Swinton Pinocchio
24%
Geoffrey Rush, Susan Lynch Elizabeth: The Golden Age
21%
Christina Ricci, Johnny Depp The Man Who Cried
21%
Christian Bale, Natalie Portman Knight of Cups
15%
Ralph Fiennes, Linda Bassett Oscar and Lucinda
15%
Tommy Lee Jones, Evan Rachel Wood The Missing
15%
Michelle Yeoh, Laurence Fishburne The School For Good and Evil
15%
Sam Neill, Lisa McCune Bandits
12%
Giovanni Ribisi, Stefanie Rocca Heaven
12%
No matching quizzes found
Score Distribution
Percent of People with Each Score
Percentile by Number Answered
Your Score History
You have not taken this quiz